000 00154nam a22000857a 4500
082 _a823
100 _aNEVIL SHUTE
245 _aA TOWN LIKE ALICE
942 _cBK
999 _c8392
_d8392